Name all Doodle Alchemy elements - Statistics

General Stats
  • This quiz has been taken 63 times
  • The average score is 96 of 336
Answer Stats
# ELEMENTS % Correct
2 air
83%
114 fire
83%
321 water
83%
100 earth
75%
107 energy
75%
39 brick
67%
135 glass
67%
174 life
67%
183 man
67%
185 meat
67%
228 plane
67%
286 storm
67%
290 Sun
67%
305 tool
67%
308 tree
67%
3 alcohol
58%
48 car
58%
74 cloud
58%
85 corpse
58%
101 egg
58%
118 fish
58%
187 metal
58%
189 milk
58%
193 Moon
58%
259 seed
58%
260 sex
58%
280 steam
58%
285 stone
58%
294 swamp
58%
323 whale
58%
330 wood
58%
18 bacteria
50%
25 bee
50%
53 cart
50%
55 cat
50%
95 dog
50%
99 dust
50%
105 electricity
50%
136 gold
50%
169 lava
50%
204 ocean
50%
231 poison
50%
251 sand
50%
258 sea
50%
334 worm
50%
336 zombie
50%
4 alcoholic
42%
21 bat
42%
32 bird
42%
33 blood
42%
36 book
42%
38 bread
42%
69 city
42%
73 clothing
42%
75 coal
42%
87 country
42%
90 desert
42%
110 fabric
42%
121 flour
42%
124 forest
42%
133 ghost
42%
138 grass
42%
151 hut
42%
154 ice
42%
168 lake
42%
192 monkey
42%
206 oil
42%
234 pressure
42%
237 rainbow
42%
266 sky
42%
267 skyscraper
42%
274 space
42%
278 star
42%
304 tobacco
42%
312 vampire
42%
315 vodka
42%
316 volcano
42%
322 weapon
42%
324 wheat
42%
333 wool
42%
22 bear
33%
23 beast
33%
31 bicycle
33%
34 boat
33%
50 carbon
33%
51 carbon dioxide
33%
71 clay
33%
84 continent
33%
92 dinosaur
33%
96 dough
33%
97 dragon
33%
122 flower
33%
126 frog
33%
127 fruit
33%
145 honey
33%
172 library
33%
175 light
33%
176 limestone
33%
178 livestock
33%
179 lizard
33%
195 moss
33%
196 motor
33%
201 mushroom
33%
202 music
33%
207 oxygen
33%
208 ozone
33%
209 palm
33%
211 paper
33%
215 peat
33%
223 pig
33%
224 pilot
33%
226 pirate
33%
227 pizza
33%
229 planet
33%
232 poisoned weapon
33%
248 salt
33%
257 scorpion
33%
265 silver
33%
269 smoke
33%
276 spider
33%
288 sugar
33%
300 thunder
33%
313 vine
33%
319 warrior
33%
325 wheel
33%
327 wind
33%
1 acid
25%
8 ambulance
25%
9 America
25%
11 ant
25%
20 banana
25%
26 beer
25%
27 beet
25%
28 beetle
25%
35 bomb
25%
42 bush
25%
44 cactus
25%
45 camel
25%
46 Canada
25%
57 caviar
25%
64 chicken
25%
65 China
25%
66 chocolate
25%
68 cigarettes
25%
81 cold
25%
93 dirt
25%
94 doctor
25%
106 elephant
25%
108 explosion
25%
112 fern
25%
117 firefly
25%
123 flu
25%
125 France
25%
131 Germany
25%
139 Great Britain
25%
143 gunpowder
25%
144 hero
25%
147 hospital
25%
149 hummingbird
25%
150 hunter
25%
152 hydrogen
25%
156 idea
25%
157 India
25%
161 Japan
25%
163 juice
25%
167 killer
25%
186 medicine
25%
188 Mexico
25%
191 money
25%
198 motorcycle
25%
212 parrot
25%
216 pen
25%
217 penguin
25%
220 philosopher
25%
221 Philosopher's Stone
25%
222 phoenix
25%
230 plankton
25%
235 Pterodactyl
25%
244 Russia
25%
245 sailboat
25%
256 scientist
25%
262 shell
25%
263 sickness
25%
271 snake
25%
272 soda
25%
273 sound
25%
279 starfish
25%
283 steamboat
25%
282 steam engine
25%
293 sushi
25%
297 tea
25%
302 time
25%
309 turtle
25%
314 vinegar
25%
328 wine
25%
332 woodpecker
25%
5 ale
17%
6 algae
17%
7 aluminum
17%
12 aquarium
17%
13 arable land
17%
14 ashes
17%
15 atomic bomb
17%
16 Australia
17%
17 bacon
17%
29 Belarus
17%
30 berry
17%
40 brick house
17%
41 bulb
17%
47 cane
17%
49 caramels
17%
52 carmine
17%
54 cast iron
17%
56 CatDog
17%
58 cells
17%
59 cement
17%
60 ceramic
17%
61 Champagne
17%
62 chariot
17%
63 cheese
17%
70 clam
17%
72 clipper
17%
76 Coca-Cola
17%
77 cochineal
17%
78 cocktail
17%
79 cocoa
17%
80 coin
17%
82 Columbus
17%
83 concrete
17%
86 cottage cheese
17%
88 crab
17%
91 diamond
17%
98 dragonfly
17%
103 Egypt
17%
104 electric eel
17%
109 explosive gas
17%
111 fat
17%
113 Finland
17%
115 firearm
17%
116 firefighter
17%
119 fisherman
17%
120 flax
17%
128 fugu fish
17%
129 gasoline
17%
130 gem
17%
134 gladiator
17%
137 grapes
17%
140 Greenland
17%
141 grilled chicken
17%
142 grove
17%
148 hourglass
17%
153 hydroplane
17%
155 Iceland
17%
158 insect
17%
160 Italy
17%
164 Kama Sutra
17%
165 kangaroo
17%
166 kefir
17%
171 leech
17%
177 liquor
17%
180 lobster
17%
184 manure
17%
194 Moonshine
17%
197 motorboat
17%
199 mouse
17%
200 mummy
17%
203 mussels
17%
205 octopus
17%
210 panda
17%
213 pearls
17%
225 Pina Colada
17%
233 potatoes
17%
236 radiation
17%
238 reed
17%
239 rice
17%
240 Robin Hood
17%
241 robot
17%
242 Romania
17%
243 rum
17%
246 salamander
17%
247 salo
17%
250 saltpeter
17%
249 salt water
17%
253 Saudi Arabia
17%
254 sauna
17%
255 scarab
17%
261 shaman
17%
264 silicon
17%
268 slug
17%
270 snail
17%
275 Space Shuttle
17%
277 squid
17%
281 steam boiler
17%
284 stingray
17%
287 submarine
17%
289 sulphur
17%
291 sunflower
17%
292 sunflower oil
17%
295 sweet water
17%
296 Switzerland
17%
298 tequila
17%
299 termites
17%
301 tick
17%
303 toast
17%
306 tractor
17%
307 Transylvania
17%
310 Ukraine
17%
311 uranium
17%
317 Volkswagen Beetle
17%
318 vulture
17%
320 watch
17%
326 whiskey
17%
329 wolf
17%
331 wooden ship
17%
335 yeast
17%
10 ammonite
8%
19 bamboo
8%
24 beaver
8%
37 borscht
8%
43 butterfly
8%
89 dam
8%
102 eggs
8%
132 geyser
8%
146 horse harness
8%
159 iodine
8%
162 jellyfish
8%
170 lawnmower
8%
181 locomotive
8%
190 mold
8%
214 peas
8%
218 penicillin
8%
219 perfume
8%
252 sandwich
8%
67 christmas tree
0%
173 lichen
0%
182 magnet
0%
No matching quizzes found
Score Distribution
Percent of People with Each Score
Percentile by Number Answered
Your Score History
You have not taken this quiz